People Watching - Sam Fender Lyrics - Statistics

General Stats
  • This quiz has been taken 58 times
  • The average score is 344 of 424
Answer Stats
Answer % Correct
home
100%
I
100%
I'd
100%
people
100%
the
100%
The
100%
watch
100%
way
100%
back
97%
Back
97%
Oh,
97%
Oh
97%
on
97%
a
94%
of
94%
so
94%
to
91%
can't
88%
runnin'
88%
stop
88%
street
88%
in
85%
out
85%
treadmill,
85%
Everybody
82%
feel
82%
me
82%
town
82%
whole
82%
billboards,
79%
my
79%
fall
76%
tonight
76%
you
76%
heat
74%
hope
74%
see
74%
Somebody's
74%
dark
71%
heart
71%
heart,
71%
alone
68%
Envious
68%
feelin'
68%
Gives
68%
glimmer
68%
Under
68%
years
68%
break
65%
was
65%
aching
62%
Just
62%
just
62%
world
62%
and
59%
And
59%
beauty
59%
invincible
59%
seven
59%
there
59%
worth
59%
after
56%
care
56%
dreamin'
56%
from
56%
it
56%
moment
56%
rememberin'
56%
screamin'
56%
song
56%
used
56%
came
53%
darling's
53%
Gasworks,
53%
tears
53%
youth
53%
her
50%
all
47%
die
47%
left
47%
nurse
47%
quell
47%
day
44%
get
44%
promised
44%
till
44%
tracks
44%
would
44%
awake,
41%
gist
41%
night
41%
sky
41%
stayed
41%
around
38%
bits
38%
breaking
38%
fallin'
38%
for
38%
initials
38%
place
38%
this
38%
Wide
38%
clock
35%
fear
35%
Garden
35%
hold
35%
I'll
35%
life,
35%
love
35%
that's
35%
when
35%
But
32%
crippled
32%
ego
32%
island
32%
overruled
32%
poor
32%
rain-soaked
32%
tracin'
32%
Understaffed
32%
your
32%
had
29%
hands
29%
hard
29%
Remembrance
29%
by
26%
callous
26%
'cause
26%
turmoil
26%
wasn't
26%
someone
24%
Cornered
21%
etched
21%
Kittiwakes
21%
times
21%
Above
15%
No matching quizzes found
Score Distribution
Percent of People with Each Score
Percentile by Number Answered
Your Score History
You have not taken this quiz